<?xml version="1.0" encoding="UTF-8"?>
<record
    xmlns:xsi="http://www.w3.org/2001/XMLSchema-instance"
    xsi:schemaLocation="http://www.loc.gov/MARC21/slim http://www.loc.gov/standards/marcxml/schema/MARC21slim.xsd"
    xmlns="http://www.loc.gov/MARC21/slim">

  <leader>00646nam a22002177a 4500</leader>
  <controlfield tag="003">BPGM</controlfield>
  <controlfield tag="008">260619s        mx ||||gr|||| 0|1 p SPA||</controlfield>
  <datafield tag="040" ind1=" " ind2=" ">
    <subfield code="b">spa</subfield>
  </datafield>
  <datafield tag="041" ind1=" " ind2=" ">
    <subfield code="a">SPA</subfield>
    <subfield code="h">SPA</subfield>
  </datafield>
  <datafield tag="082" ind1="0" ind2="4">
    <subfield code="2">PRIMERA EDICI&#xD3;N</subfield>
    <subfield code="a">CQ / 861M / F567 / N83</subfield>
  </datafield>
  <datafield tag="100" ind1=" " ind2=" ">
    <subfield code="a">FLORES, ISRAEL</subfield>
    <subfield code="c">AUTOR</subfield>
  </datafield>
  <datafield tag="245" ind1=" " ind2=" ">
    <subfield code="a">LA NUEVA POES&#xCD;A</subfield>
  </datafield>
  <datafield tag="250" ind1=" " ind2=" ">
    <subfield code="a">PRIMERA EDICI&#xD3;N</subfield>
  </datafield>
  <datafield tag="260" ind1=" " ind2=" ">
    <subfield code="a">QUER&#xC9;TARO, M&#xC9;XICO</subfield>
    <subfield code="b">FONDO EDITORIAL</subfield>
    <subfield code="c">2006</subfield>
  </datafield>
  <datafield tag="300" ind1=" " ind2=" ">
    <subfield code="a">73 P&#xC1;GINAS;</subfield>
    <subfield code="c">22.5 CM X 10.2 CM</subfield>
  </datafield>
  <datafield tag="336" ind1=" " ind2=" ">
    <subfield code="2">rdacontent</subfield>
    <subfield code="a">texto</subfield>
    <subfield code="b">txt</subfield>
  </datafield>
  <datafield tag="337" ind1=" " ind2=" ">
    <subfield code="2">rdamedia</subfield>
    <subfield code="a">sin mediaci&#xF3;n</subfield>
    <subfield code="b">n</subfield>
  </datafield>
  <datafield tag="338" ind1=" " ind2=" ">
    <subfield code="2">rdacarrier</subfield>
    <subfield code="a">volumen </subfield>
    <subfield code="b">nc</subfield>
  </datafield>
  <datafield tag="650" ind1=" " ind2=" ">
    <subfield code="a">G&#xC9;NERO L&#xCD;RICO, POES&#xCD;A</subfield>
    <subfield code="v">861</subfield>
    <subfield code="x">800</subfield>
    <subfield code="y">60</subfield>
    <subfield code="z">1</subfield>
  </datafield>
  <datafield tag="942" ind1=" " ind2=" ">
    <subfield code="2">ddc</subfield>
    <subfield code="c">COLQ</subfield>
  </datafield>
  <datafield tag="952" ind1=" " ind2=" ">
    <subfield code="0">0</subfield>
    <subfield code="1">0</subfield>
    <subfield code="2">ddc</subfield>
    <subfield code="4">0</subfield>
    <subfield code="7">2</subfield>
    <subfield code="8">GENERAL</subfield>
    <subfield code="a">BPCEFC</subfield>
    <subfield code="b">BPCEFC</subfield>
    <subfield code="c">ACCESO B PLANTA ALTA SALA QUER&#xC9;TARO</subfield>
    <subfield code="d">2026-06-19</subfield>
    <subfield code="e">DONACI&#xD3;N </subfield>
    <subfield code="l">0</subfield>
    <subfield code="o">CQ / 861M / F567 / N83</subfield>
    <subfield code="r">2026-06-19 17:10:26</subfield>
    <subfield code="t">EJ. 1</subfield>
    <subfield code="w">2026-06-19</subfield>
    <subfield code="y">COLQ</subfield>
  </datafield>
  <datafield tag="952" ind1=" " ind2=" ">
    <subfield code="0">0</subfield>
    <subfield code="1">0</subfield>
    <subfield code="2">ddc</subfield>
    <subfield code="4">0</subfield>
    <subfield code="7">2</subfield>
    <subfield code="8">GENERAL</subfield>
    <subfield code="a">BPCEFC</subfield>
    <subfield code="b">BPCEFC</subfield>
    <subfield code="c">ACCESO B PLANTA ALTA SALA QUER&#xC9;TARO</subfield>
    <subfield code="d">2026-06-19</subfield>
    <subfield code="e">DONACI&#xD3;N </subfield>
    <subfield code="l">0</subfield>
    <subfield code="o">CQ / 861M / F567 / N83</subfield>
    <subfield code="r">2026-06-19 17:10:26</subfield>
    <subfield code="t">EJ. 2</subfield>
    <subfield code="w">2026-06-19</subfield>
    <subfield code="y">COLQ</subfield>
  </datafield>
  <datafield tag="952" ind1=" " ind2=" ">
    <subfield code="0">0</subfield>
    <subfield code="1">0</subfield>
    <subfield code="2">ddc</subfield>
    <subfield code="4">0</subfield>
    <subfield code="7">2</subfield>
    <subfield code="8">GENERAL</subfield>
    <subfield code="a">BPCEFC</subfield>
    <subfield code="b">BPCEFC</subfield>
    <subfield code="c">ACCESO B PLANTA ALTA SALA QUER&#xC9;TARO</subfield>
    <subfield code="d">2026-06-19</subfield>
    <subfield code="e">DONACI&#xD3;N </subfield>
    <subfield code="l">0</subfield>
    <subfield code="o">CQ / 861M / F567 / N83</subfield>
    <subfield code="r">2026-06-19 17:10:26</subfield>
    <subfield code="t">EJ. 3</subfield>
    <subfield code="w">2026-06-19</subfield>
    <subfield code="y">COLQ</subfield>
  </datafield>
  <datafield tag="999" ind1=" " ind2=" ">
    <subfield code="c">68649</subfield>
    <subfield code="d">68649</subfield>
  </datafield>
</record>
